00697nam a22002171a 45000010005000000030008000050050017000130080041000300350014000710350014000850400026000990410008001250820023001331000023001562450106001792600052002853000034003375040064003716500026004357000018004617064BD-RjUL20211208234347.0160622s1953 enka b 001 0 eng d a(BD-RjUL) a(BD-RjUL) aNZOCbengcNZOCdNZOC aeng a331.2942bCHW 19531 aChapman, Agatha L.10aWages and salaries in the United Kingdom 1920-1938 /cby Agatha L. Chapman ; assisted by Rose Knight. aCambridge :bCambridge University Press,c1953. axiv, 253 p. :bill. ;c32 cm. aIncludes bibliographical references (p. 243-248) and index. 0aWageszGreat Britain.1 aKnight, Rose.